000 00398nam a2200133Ia 4500
008 231129s2011||||xx |||||||||||||| ||spa||
020 _a978-958-8755-12-0
082 _aER- 243
100 _aDinámica migratoria. Unilibre Pereira
245 0 _aDinámica migratoria en el municipio de Quinchí­a
260 _c2011
264 _a[sin editorial]
942 _2ddc
_cBKS
999 _c9583
_d9583